Eintracht Frankfurt Squad 2018-2019 - Statistics

General Stats
  • This quiz has been taken 12 times
  • The average score is 21 of 42
Answer Stats
# Position Nation Player % Correct
1 GK Denmark Frederik Rønnow
91%
6 MF Netherlands Jonathan de Guzmán
91%
8 FW Serbia Luka Jović
91%
7 MF Mexico Marco Fabián
91%
13 DF Austria Martin Hinteregger
91%
11 MF Serbia Mijat Gaćinović
91%
9 FW Ivory Coast Sébastien Haller
91%
18 DF Mali Almamy Touré
82%
4 FW Croatia Ante Rebić
82%
2 DF Ivory Coast Evan N'Dicka
82%
10 MF Serbia Filip Kostić
82%
20 MF Japan Makoto Hasebe
82%
35 DF Brazil Tuta
82%
- Coach Austria Adi Hütter
73%
17 MF Germany Sebastian Rode
73%
22 DF United States Timothy Chandler
73%
13 DF Mexico Carlos Salcedo
64%
19 DF Argentina David Abraham
64%
31 GK Germany Kevin Trapp
64%
15 DF Netherlands Jetro Willems
55%
33 DF Israel Taleb Tawatha
55%
24 DF Germany Danny da Costa
45%
5 MF Switzerland Gelson Fernandes
45%
23 DF Germany Marco Russ
45%
34 FW Sweden Branimir Hrgota
36%
39 FW Portugal Gonçalo Paciência
36%
21 MF Germany Marc Stendera
36%
3 DF Guinea Simon Falette
36%
37 GK Germany Jan Zimmermann
27%
16 MF Spain Lucas Torró
27%
26 MF Germany Nils Stendera
27%
28 MF Brazil Allan
18%
18 MF Portugal Chico Geraldes
18%
29 GK Germany Felix Wiedwald
18%
27 MF Germany Nicolai Müller
18%
26 DF Germany Deji Beyreuther
9%
30 MF Turkey Şahverdi Çetin
9%
36 FW Germany Mischa Häuser
0%
32 FW Germany Nelson Mandela Mbouhom
0%
25 FW Germany Patrice Kabuya
0%
38 MF Germany Patrick Finger
0%
41 GK Germany Tobias Stirl
0%
No matching quizzes found
Score Distribution
Percent of People with Each Score
Percentile by Number Answered
Your Score History
You have not taken this quiz